Agrarian social relations and development in Bangladesh (Record no. 427924)

000 -LEADER
fixed length control field 00342cam a22001097a 4500
008 - FIXED-LENGTH DATA ELEMENTS--GENERAL INFORMATION
fixed length control field 180718b1982 xxu||||| |||| 00| 0 eng d
082 ## - DEWEY DECIMAL CLASSIFICATION NUMBER
Classification number B136x5471 C393
100 ## - MAIN ENTRY--PERSONAL NAME
Personal name Chowdhury, Anwarullah
245 ## - TITLE STATEMENT
Title Agrarian social relations and development in Bangladesh
Statement of responsibility, etc. by Anwarullah Chowdhury
260 ## - PUBLICATION, DISTRIBUTION, ETC.
Place of publication, distribution, etc. Delhi
Name of publisher, distributor, etc. Oxford and IBH
Date of publication, distribution, etc. 1982
300 ## - PHYSICAL DESCRIPTION
Extent 106+p.
Holdings
Withdrawn status Lost status Damaged status Not for loan Permanent Location Current Location Date acquired Full call number Barcode Date last seen Price effective from Koha item type
        Indian Institute of Public Administration Indian Institute of Public Administration 2009-12-01 B136x5471 C393 58396 2018-07-21 2018-07-21 Book

Powered by Koha